00957nam a22002657a 45000010005000000030006000050050017000110080041000280200018000690400029000870500009001160820008001251000020001332450042001532600041001953000046002365050007002825200170002895210027004595210018004866500024005049420015005289990015005439520133005588366FISKH20250910094150.0250910b cb ||||| |||| 00| 0 eng d a9780618599394 aFISKHbengcFISKHdFISKH aPZ7  a580 aJackson, Robin  aLooking at plants /cby Robin Jackson aBoston : bHoughton Mifflin, c2006. a8 pages : bcolor illustrations ; c21 cm aE  aA simple and engaging introduction to the parts of plants—roots, stems, leaves, flowers—designed to encourage young readers to observe and appreciate plant life.8 a160 bLexile estimate 8 aE bRaz-Plus  aPlant vNon-Fiction 2ddccBKn0 c8366d8366 00102ddc40708NFICa002b002cTTP Dark Greend2025-09-10l0oJAC 580 PZ7 pFISBK05900r2025-09-10 09:41:48t1w2025-09-10yBK